Cooking with the bears : healthy recipes by hairy men /

Gespeichert in:
Bibliographische Detailangaben
1. Verfasser: Sindaco, Angelo
Format: Buch
Sprache:Englisch
Veröffentlicht: Roma : Drago, 2014
Tags: Tag hinzufügen
Keine Tags, Fügen Sie das erste Tag hinzu!

MARC

LEADER 00000nam a22000007i 4500
001 IT\ICCU\UBO\4105335
003 ItRI
005 20260115232206.0
008 141027s2014 it |||||| ||||| |||||c
020 |a 9788898565061 
040 |b ita  |c importazione bologna sebina 
041 7 |a eng  |2 ISO-639-2 
100 1 |a Sindaco, Angelo  |0 IT\ICCU\UBOV\411372 
245 1 0 |a Cooking with the bears :  |b healthy recipes by hairy men /  |c Angelo Sindaco. 
260 |a Roma :  |b Drago,  |c 2014 
300 |a 175 p. :  |b in gran parte ill. ;  |c 27 cm 
942 |2 ddc  |c BK  |n 0 
952 |0 0  |1 0  |4 0  |6 DOC_770_920000000000000_SIN  |7 0  |9 21701  |a BO  |b BO  |d 2026-01-15  |i 17599  |l 0  |o DOC 770.92 SIN  |p BO17599  |r 2026-01-15 23:22:06  |w 2026-01-15  |x [Sebina 7] [1 v.]  |y BK  |z 1 v. 
952 |0 0  |1 0  |4 0  |6 DOC_770_920000000000000_SIN  |7 0  |9 21702  |a BO  |b BO  |d 2026-01-15  |i 20851  |l 0  |o DOC 770.92 SIN  |p BO20851  |r 2026-01-15 23:22:06  |w 2026-01-15  |x [Sebina 7] [1 v.]  |y BK  |z 1 v. 
999 |c 18538  |d 18538